000 00349nam a2200145Ia 4500
008 100122s9999 xx 000 0 und d
082 _b52948
_a823.08
100 _aVENUGOPAL JAYASHREE
245 _aARABIAN NIGHTS
260 _bVASAN BOOK DEPOT
_c1996
300 _a160
630 _aARABIAN NIGHTS
730 _aARABIAN NIGHTS
942 _cBOOK
999 _c375986
_d375983